000 00585nam a22001937a 4500
003 CEME
005 20210628201658.0
008 210215b xxu||||| |||| 00| 0 eng d
020 _a0-471-15515-2
040 _c.
082 _a338.47664 CON
100 _aConnor, John M Schiek, William A
_956323
245 _aFood processing an industrial powerhouse in transition
250 _a2ND
260 _aNEW YORK
_bJOHN WILEY
_c1997
300 _aXVI,666P
650 _aFOOD INDUSTRY AND TRADE-UNITED STATES FOOD INDUSTRY AND TRADE BIG BUSINESS-UNITED STATES
_956324
942 _cBK
_2ddc
999 _c566775
_d566775